| 000 | 01116nam a2200277 a 4500 | ||
|---|---|---|---|
| 001 | C01444599c-3 | ||
| 003 | CO-ViMGA | ||
| 005 | 20230915233143.0 | ||
| 008 | 140929s2013 sp a gr 00011 spa d | ||
| 020 | _z9788434238367 | ||
| 040 |
_aCO-ViMGA _bspa _cCO-ViMGA |
||
| 082 | 0 | 4 |
_aI030 _bC65e1 _219 |
| 100 | 1 |
_aConangla, Maria Mercè. _92627 |
|
| 245 | 1 | 0 |
_aExploradores emocionales : _bun planteamiento creativo para gestionar las emociones / _cMaria Merce Conangla, Jaume Soler ; ilustraciones Paloma Valdivia. |
| 250 | _aEdición Cristina Vilella. | ||
| 260 |
_aBadalona : _bParramón Paidotribo, _c2013. |
||
| 300 |
_a63 páginas : _bilustraciones ; _c25 cm. |
||
| 490 | 1 | _aEcología emocional | |
| 650 | 1 | 4 |
_aEmociones _x Preguntas y repuestas _x Literatura infantil. _95159 |
| 650 | 1 | 4 |
_aExpediciones científicas _x Preguntas y repuestas _x Literatura infantil. _95158 |
| 650 | 1 | 4 |
_aViajes _x Preguntas y repuestas _x Literatura infantil. _95157 |
| 700 | 1 |
_aSoler, Jaume. _92633 |
|
| 700 | 1 |
_aValdivia, Paloma, _eilustradora. _95160 |
|
| 700 | 1 |
_aVilella, Cristina, _eeditora. _95161 |
|
| 942 |
_2ddc _cBK |
||
| 999 |
_c35916 _d35916 |
||